| 000 | 00462cam a2200181ua 4500 | ||
|---|---|---|---|
| 020 |
_a0-8306-1276-9 _c60.00 |
||
| 041 |
_aeng _h |
||
| 082 |
_a006.68 _bCHA/CO |
||
| 100 | _aChance, David . | ||
| 245 |
_aComputer graphics with 29 ready to run programs / _cDavid Chance. _hTextual Documents |
||
| 250 |
_a1 / _b. |
||
| 260 |
_a : _bTab Books INC , _c1981. |
||
| 300 | _a277 ; . | ||
| 365 | _a60.00 | ||
| 504 | _a | ||
| 942 | _cBK | ||
| 999 |
_c7368 _d7368 |
||